Normal view
MARC view
- مصر -سرقة اثارها-تاريخ
Entry Topical Term
001 - CONTROL NUMBER
- control field: 9911
003 - CONTROL NUMBER IDENTIFIER
- control field: JO-AjAnu
005 - DATE AND TIME OF LATEST TRANSACTION
- control field: 20230606071907.0
008 - FIXED-LENGTH DATA ELEMENTS
- fixed length control field: 230606|| aca||aabn | a|a d
040 ## - CATALOGING SOURCE
- Original cataloging agency: JO-AjAnu
- Transcribing agency: JO-AjAnu
150 ## - HEADING--TOPICAL TERM
- Topical term or geographic name entry element: مصر -سرقة اثارها-تاريخ
670 ## - SOURCE DATA FOUND
- Source citation: Work cat.: (JO-AjAnu)5107: فرانس، بيتر؛ ترجمة مستجير، محمد, author 9910, اغتصاب مصر: كيف جرد الأوروبيون مصر من تراثها